Score 0/30 Timer 01:30
8 Plays Today
% Correct
Pacific
77%
Pennsylvania
75.9%
Pawn
73.4%
Peach
72.9%
Pupil
71.1%
PowerPoint
69.8%
Par
69.7%
Porsche
69%
Pinocchio
69%
Poodle
68.5%
Phi
68.4%
Poland
67.8%
Piano
67.6%
Pea
67.3%
Pitcher
67.3%
% Correct
Potassium
66.9%
Poker
65.6%
Pronoun
65%
Psalms
64.1%
Paris
63.9%
Period
62.5%
Pop
60.9%
Providence
57.7%
Peridot
52.4%
Punter
51.8%
Pistons
50.1%
Polk
50%
Pirates
49.2%
PayDay
47.2%
Patton
38.3%
Remove Ads.
Support Sporcle.
Get the best of Sporcle when you Go Orange. This ad-free experience offers more features, more stats, and more fun while also helping to support Sporcle. Thank you for becoming a member.

You're not logged in!

Compare scores with friends on all Sporcle quizzes.
OR
Log In

Show Comments

Extras

Created Jul 31, 2019ReportNominate
Tags:Blitz Quiz, Letter P

Top Quizzes Today


Score Distribution

Your Account Isn't Verified!

In order to create a playlist on Sporcle, you need to verify the email address you used during registration. Go to your Sporcle Settings to finish the process.

Report this User

Report this user for behavior that violates our Community Guidelines.

Details: